Naughty by nature : a new collection of erotic tales /

Saved in:
Bibliografiske detaljer
Andre forfattere: Patrick, John, (1943-)
Format: Bog
Sprog:engelsk
Udgivet: Sarasota : Starbooks Press, 1998
Tags: Tilføj Tag
Ingen Tags, Vær først til at tagge denne postø!

MARC

LEADER 00000nam a22000007i 4500
001 IT\ICCU\UBO\2807748
003 ItRI
005 20260115231837.0
008 050912s1998 xxu|||||| ||||| |||||c
020 |a 1877978914 
040 |b ita  |c importazione bologna sebina 
041 7 |a eng  |2 ISO-639-2 
245 0 0 |a Naughty by nature :  |b a new collection of erotic tales /  |c edited by John Patrick. 
260 |a Sarasota :  |b Starbooks Press,  |c 1998 
300 |a 552 p. ;  |c 22 cm. 
700 1 |a Patrick, John,  |d  (1943-)  |0 IT\ICCU\UBOV\817361 
942 |2 ddc  |c BK  |n 0 
952 |0 0  |1 0  |4 0  |6 DOC_813_540000000000000_PAT  |7 0  |9 14033  |a BO  |b BO  |d 2026-01-15  |i 8946  |l 0  |o DOC 813.54 PAT  |p BO8946  |r 2026-01-15 23:18:37  |w 2026-01-15  |x [Sebina 5] [1 v.]  |y BK  |z 1 v. 
999 |c 12092  |d 12092